[Event "Bayerische EM 2023 - Allgemeine Gruppe"]
[Site "Rosenheim"]
[Date "2023.08.22"]
[Round "2.1"]
[White "Kolb, Tobias"]
[Black "Böhme, Markus"]
[Result "1/2-1/2"]
[WhiteElo "2302"]
[BlackElo "2144"]
[PlyCount "88"]
[EventDate "2022.??.??"]
[WhiteTeam "SC 1868 Bamberg"]
[BlackTeam "SC Uttenreuth e.V."]

1. d4 d5 2. c4 e6 3. Nc3 Nf6 4. Nf3 Be7 5. Bf4 O-O 6. e3 c5 7. dxc5 Bxc5 8. a3
Nc6 9. Qc2 Qa5 10. Rd1 h6 11. h3 Ne4 12. cxd5 exd5 13. Rxd5 Nxc3 14. Qxc3 Bb4
15. axb4 Qxd5 16. Bc4 Qe4 17. O-O Be6 18. Bxe6 Qxe6 19. b5 Ne7 20. Qc7 Nd5 21.
Qxb7 Nxf4 22. exf4 Rfb8 23. Qc7 Qb6 24. Qxb6 Rxb6 25. Nd4 Rd8 26. Nc6 Rd7 27.
Ra1 Rxb5 28. Nxa7 Rxb2 29. Nc6 f6 30. f5 Rdd2 31. Ne7+ Kf7 32. Ng6 Rxf2 33.
Ra7+ Ke8 34. Ra8+ Kd7 35. Nh4 Rf4 36. Ra7+ Kd6 37. Nf3 Rxf5 38. Rxg7 Kd5 39.
Rg4 h5 40. Ra4 Kd6 41. Ra7 Rc5 42. Rh7 Ke6 43. Kh2 Rb4 44. Kg3 Ra5 1/2-1/2

[Event "Bayerische EM 2023 - Allgemeine Gruppe"]
[Site "Rosenheim"]
[Date "2023.08.22"]
[Round "2.2"]
[White "Willim, Michael"]
[Black "Schlichtmann, Robin"]
[Result "1/2-1/2"]
[WhiteElo "2119"]
[BlackElo "2277"]
[PlyCount "59"]
[EventDate "2022.??.??"]
[WhiteTeam "SC Erlangen 48/88"]
[BlackTeam "SC Garching 1980 e.V."]

1. d4 Nf6 2. c4 g6 3. Nc3 d5 4. Nf3 Bg7 5. Qb3 dxc4 6. Qxc4 O-O 7. e4 Na6 8.
Be2 c5 9. d5 e6 10. O-O exd5 11. exd5 Re8 12. Rd1 Bf5 13. Bg5 h6 14. Bxf6 Bxf6
15. Rd2 Qb6 16. a3 Rad8 17. Rad1 Bxc3 18. bxc3 Qd6 19. h3 Nc7 20. Bd3 Bxd3 21.
Qxd3 Re7 22. c4 Ne8 23. Re2 b6 24. Nd2 Rxe2 25. Qxe2 Nf6 26. Ne4 Nxe4 27. Qxe4
Rd7 28. Re1 b5 29. cxb5 Qxd5 30. Qxd5 1/2-1/2

[Event "Bayerische EM 2023 - Allgemeine Gruppe"]
[Site "Rosenheim"]
[Date "2023.08.22"]
[Round "2.3"]
[White "Reimann, Sebastian"]
[Black "Kessler, Jan"]
[Result "1-0"]
[WhiteElo "2277"]
[BlackElo "2094"]
[PlyCount "75"]
[EventDate "2022.??.??"]
[WhiteTeam "SK Kriegshaber"]
[BlackTeam "SC Unterhaching e.V."]

1. e4 c5 2. Nf3 g6 3. d4 cxd4 4. Nxd4 Nc6 5. c4 Nf6 6. Nc3 d6 7. Be2 Nxd4 8.
Qxd4 Bg7 9. Be3 O-O 10. Qd3 Nd7 11. O-O Nc5 12. Qc2 Bxc3 13. Qxc3 Nxe4 14. Qd4
Nc5 15. Bh6 Ne6 16. Qc3 Re8 17. Bf3 f6 18. Rfe1 Ng7 19. g4 Rb8 20. c5 dxc5 21.
Qxc5 Qb6 22. Qc4+ e6 23. Rad1 Re7 24. Bf4 Ra8 25. Rd6 Qxb2 26. Rd8+ Re8 27.
Red1 Qa3 28. Rxe8+ Nxe8 29. Rd8 Qxf3 30. Rxe8+ Kf7 31. Rd8 Qxg4+ 32. Kf1 g5 33.
Qc7+ Kg6 34. Bg3 Qf5 35. Rg8+ Kh5 36. Qf7+ Kh6 37. h4 gxh4 38. Bf4+ 1-0

[Event "Bayerische EM 2023 - Allgemeine Gruppe"]
[Site "Rosenheim"]
[Date "2023.08.22"]
[Round "2.4"]
[White "Becker, Tobias"]
[Black "Goldbeck, Lars"]
[Result "1/2-1/2"]
[WhiteElo "2111"]
[BlackElo "2260"]
[PlyCount "72"]
[EventDate "2022.??.??"]
[WhiteTeam "Kronacher SK 1882 e.V."]
[BlackTeam "SGem Aschheim/Feldkirchen/Kirchh"]

1. e4 c5 2. Nf3 Nc6 3. d4 cxd4 4. Nxd4 e5 5. Nb5 d6 6. c4 Be6 7. N1c3 a6 8. Na3
g6 9. Be2 Bg7 10. Be3 Nf6 11. O-O O-O 12. f3 Rc8 13. Qd2 Nd4 14. Rfd1 Nh5 15.
Bf1 Nf4 16. Kh1 f5 17. Nc2 fxe4 18. Nxe4 Nf5 19. Nxd6 Nxd6 20. Qxd6 Qxd6 21.
Rxd6 Bxc4 22. Bxc4+ Rxc4 23. Na3 Rcc8 24. Rad1 e4 25. fxe4 Bxb2 26. Nb1 Be5 27.
Rd7 b5 28. g3 Ne6 29. Re7 Rfe8 30. Ra7 Ra8 31. Rdd7 Rxa7 32. Rxa7 Bd4 33. Bxd4
Nxd4 34. Nd2 Re6 35. Kg2 Rf6 36. Nb3 Nxb3 1/2-1/2

[Event "Bayerische EM 2023 - Allgemeine Gruppe"]
[Site "Rosenheim"]
[Date "2023.08.22"]
[Round "2.5"]
[White "Fuchs, Florian"]
[Black "Lohvinov, Petro"]
[Result "1/2-1/2"]
[WhiteElo "2096"]
[BlackElo "2237"]
[PlyCount "111"]
[EventDate "2022.??.??"]
[WhiteTeam "DJK SF Haselbach"]
[BlackTeam "SK München Südost e.V."]

1. e4 c5 2. Nf3 e6 3. d4 cxd4 4. Nxd4 a6 5. c4 Nf6 6. Nc3 Bb4 7. Qd3 O-O 8. e5
Ne8 9. Bf4 d6 10. exd6 Bxd6 11. Nf3 Nc6 12. Ng5 f5 13. Bxd6 Nxd6 14. f4 h6 15.
Nf3 Nb4 16. Qd2 Ne4 17. Qxd8 Rxd8 18. Rc1 b6 19. a3 Nc6 20. Be2 Bb7 21. O-O Nd4
22. Nxd4 Rxd4 23. Nxe4 Bxe4 24. Rfd1 Rad8 25. Rxd4 Rxd4 26. b4 Rd2 27. Bf1 a5
28. c5 axb4 29. c6 Bxc6 30. Rxc6 bxa3 31. Rc1 a2 32. Bc4 Rb2 33. Bxe6+ Kf8 34.
Bxf5 b5 35. h4 b4 36. Kh2 b3 37. Ra1 Ke7 38. Bd3 Kd6 39. Bc4 Rb1 40. Rxa2 bxa2
41. Bxa2 Rb2 42. Bf7 Kc5 43. Kh3 Kd4 44. g4 Ke4 45. Kg3 Rd2 46. Bg6+ Ke3 47. g5
hxg5 48. fxg5 Rd1 49. Kg4 Rd4+ 50. Kg3 Rd1 51. Kg4 Rh1 52. h5 Rg1+ 53. Kf5 Rf1+
54. Ke6 Kf4 55. Kf7 Kxg5+ 56. Kxg7 1/2-1/2

[Event "Bayerische EM 2023 - Allgemeine Gruppe"]
[Site "Rosenheim"]
[Date "2023.08.22"]
[Round "2.6"]
[White "Kerkhoff, Jan"]
[Black "Schmid, Roland"]
[Result "1/2-1/2"]
[WhiteElo "1940"]
[BlackElo "2212"]
[PlyCount "60"]
[EventDate "2022.??.??"]
[WhiteTeam "SC Unterhaching e.V."]
[BlackTeam "SG Post/Süd Regensburg"]

1. e4 c6 2. Nc3 d5 3. Qe2 d4 4. Nd1 e5 5. d3 Bd6 6. g3 Ne7 7. f4 c5 8. Nf3 Nbc6
9. Nf2 Qc7 10. f5 f6 11. g4 Bd7 12. g5 Ng8 13. Rg1 O-O-O 14. gxf6 gxf6 15. Rg7
Bf8 16. Rg3 Qa5+ 17. Bd2 Nb4 18. Qd1 Qa4 19. b3 Qa3 20. Bc1 Qa5 21. Bd2 Bh6 22.
a3 Bxd2+ 23. Nxd2 Nc6 24. Rg7 Nge7 25. Qh5 Qc3 26. O-O-O h6 27. Ng4 Rdf8 28.
Nc4 Qa1+ 29. Kd2 Qc3+ 30. Kc1 Qa1+ 1/2-1/2

[Event "Bayerische EM 2023 - Allgemeine Gruppe"]
[Site "Rosenheim"]
[Date "2023.08.22"]
[Round "2.7"]
[White "Bergauz, Avigdor"]
[Black "Vollnhals, Michael"]
[Result "1/2-1/2"]
[WhiteElo "2197"]
[BlackElo "2006"]
[PlyCount "42"]
[EventDate "2022.??.??"]
[WhiteTeam "SK München Südost e.V."]
[BlackTeam "TSV Grossmehring"]

1. c4 Nf6 2. Nc3 d5 3. cxd5 Nxd5 4. g3 g6 5. Bg2 Nb6 6. d4 Bg7 7. Nf3 Nc6 8. e3
O-O 9. O-O e5 10. d5 Na5 11. e4 c6 12. b4 Nac4 13. dxc6 Qxd1 14. Rxd1 bxc6 15.
Nd2 Rd8 16. Nxc4 Rxd1+ 17. Nxd1 Nxc4 18. Ne3 Be6 19. Bf1 Nxe3 20. Bxe3 Bf8 21.
b5 cxb5 1/2-1/2

[Event "Bayerische EM 2023 - Allgemeine Gruppe"]
[Site "Rosenheim"]
[Date "2023.08.22"]
[Round "2.8"]
[White "Gold, Florian"]
[Black "Maurer, Jochen"]
[Result "0-1"]
[WhiteElo "1851"]
[BlackElo "2184"]
[PlyCount "70"]
[EventDate "2022.??.??"]
[WhiteTeam "SK Kelheim 1920"]
[BlackTeam "SG Pang-Rosenheim 1910 e.V."]

1. d4 Nf6 2. c4 g6 3. Nc3 Bg7 4. e4 d6 5. Be2 O-O 6. Bg5 c5 7. d5 h6 8. Be3 e6
9. Qd2 exd5 10. exd5 Kh7 11. h4 Re8 12. Nh3 Bxh3 13. Rxh3 h5 14. Bf4 Ne4 15.
Nxe4 Rxe4 16. Bg5 Qe8 17. Kf1 b5 18. Bd3 Re5 19. f4 Re4 20. f5 Nd7 21. Qc2 Re5
22. Qd1 Kg8 23. Bf4 bxc4 24. Bxe5 Qxe5 25. Bc2 Nf6 26. fxg6 fxg6 27. Bxg6 Ng4
28. Kg1 Qxb2 29. Rb1 Bd4+ 30. Kh1 Nf2+ 31. Kh2 Be5+ 32. Kg1 Nxh3+ 33. gxh3 Qh2+
34. Kf1 Rf8+ 35. Ke1 Qf2# 0-1

[Event "Bayerische EM 2023 - Allgemeine Gruppe"]
[Site "Rosenheim"]
[Date "2022.08.21"]
[Round "2.9"]
[White "Uebele, Peter"]
[Black "Biedenkopf, Philipp"]
[Result "1-0"]
[WhiteElo "2168"]
[BlackElo "1978"]
[PlyCount "83"]
[EventDate "2022.??.??"]
[WhiteTeam "SC Waldkraiburg"]
[BlackTeam "SK Passau 1869"]

1. e4 c5 2. Nc3 e6 3. Nge2 a6 4. g3 b5 5. Bg2 Bb7 6. O-O Nf6 7. d3 d6 8. f4
Nbd7 9. Qe1 Qc7 10. h3 Be7 11. g4 h6 12. Ng3 g6 13. Qf2 h5 14. g5 h4 15. Nge2
Nh5 16. f5 Ne5 17. f6 Bd8 18. Qxh4 Qd7 19. Nf4 Bb6 20. Be3 O-O-O 21. Nxh5 Rxh5
22. Qg3 Kb8 23. Ne2 Rdh8 24. b4 Bc7 25. Nf4 Rh4 26. bxc5 d5 27. d4 Nc4 28. e5
Bc6 29. Rae1 Ba5 30. Re2 Kc7 31. Nxg6 Nxe3 32. Rxe3 fxg6 33. f7 Rxd4 34. f8=Q
Rxf8 35. Rxf8 Qe7 36. Qf2 Rd1+ 37. Kh2 Qxc5 38. Ref3 d4 39. R3f7+ Bd7 40. Rxd7+
Kxd7 41. Qf7+ Qe7 42. Bc6+ 1-0

[Event "Bayerische EM 2023 - Allgemeine Gruppe"]
[Site "Rosenheim"]
[Date "2023.08.22"]
[Round "2.10"]
[White "Löw, Gerald"]
[Black "Mönius, Alexander"]
[Result "1-0"]
[WhiteElo "2146"]
[BlackElo "1909"]
[PlyCount "63"]
[EventDate "2022.??.??"]
[WhiteTeam "TSV Bindlach Aktionär"]
[BlackTeam "SC Höchstadt/Aisch"]

1. c4 e6 2. g3 d5 3. Bg2 a6 4. cxd5 exd5 5. d4 Nf6 6. Nf3 c6 7. O-O Bd6 8. Nc3
O-O 9. Bf4 Re8 10. Rc1 Ne4 11. Ne5 Nxc3 12. Rxc3 g5 13. Be3 f6 14. Nd3 Nd7 15.
Qd2 Qe7 16. Re1 Nf8 17. a3 Ng6 18. Nc1 Kg7 19. f3 h5 20. Bf2 h4 21. e4 hxg3 22.
hxg3 dxe4 23. fxe4 Bc7 24. Nd3 Bg4 25. e5 fxe5 26. Nxe5 Nxe5 27. dxe5 Rad8 28.
Rd3 Bf5 29. Be4 Bxe4 30. Rxe4 Rxd3 31. Qxd3 Qd8 32. Rd4 1-0

[Event "Bayerische EM 2023 - Allgemeine Gruppe"]
[Site "Rosenheim"]
[Date "2022.08.22"]
[Round "2.11"]
[White "Stöttner, Lukas"]
[Black "Schulz, Lukas"]
[Result "1-0"]
[WhiteElo "2066"]
[BlackElo "2347"]
[PlyCount "81"]
[EventDate "2022.??.??"]
[WhiteTeam "SK Landau-Dingolfing"]
[BlackTeam "SC Erlangen 48/88"]

1. e4 c5 2. Nf3 Nc6 3. d4 cxd4 4. Nxd4 Nf6 5. Nc3 e5 6. Ndb5 d6 7. Nd5 Nxd5 8.
exd5 Nb8 9. a4 Be7 10. Be2 O-O 11. Bd2 Nd7 12. a5 Nf6 13. Bb4 a6 14. Na3 b5 15.
c4 Bb7 16. O-O bxc4 17. Bxc4 Qd7 18. Nc2 Rfc8 19. b3 Rab8 20. Ne3 Ne8 21. Bc3
Bg5 22. Qh5 h6 23. Rad1 Nc7 24. g3 g6 25. Qe2 f5 26. f4 exf4 27. gxf4 Be7 28.
Nxf5 Bf8 29. Nh4 Bg7 30. Bxg7 Qxg7 31. f5 Re8 32. Qg2 g5 33. f6 Qf7 34. Ng6 Re3
35. Ne7+ Kh8 36. Qf2 Re5 37. Qa7 Rf8 38. Qxb7 Qh5 39. Rd4 Qh3 40. Ng6+ Kg8 41.
Qxc7 1-0

[Event "Bayerische EM 2023 - Allgemeine Gruppe"]
[Site "Rosenheim"]
[Date "2023.08.22"]
[Round "2.12"]
[White "Bunk, Wolfgang"]
[Black "Heidrich, Manfred"]
[Result "1/2-1/2"]
[WhiteElo "1983"]
[BlackElo "2332"]
[PlyCount "77"]
[EventDate "2022.??.??"]
[WhiteTeam "SC Bavaria Regensburg von 1881 e"]
[BlackTeam "SC Forchheim e.V."]

1. d4 f5 2. Bf4 d6 3. Nc3 Nf6 4. e3 e6 5. h3 Nc6 6. Bh2 Be7 7. g4 e5 8. dxe5
dxe5 9. Qxd8+ Bxd8 10. gxf5 Bxf5 11. O-O-O Be7 12. Bg2 Bd6 13. Nge2 O-O-O 14.
Ng3 Bg6 15. Nge4 Bb4 16. a3 Bxc3 17. Nxc3 Rhe8 18. Bxc6 bxc6 19. Rxd8+ Kxd8 20.
Rd1+ Nd7 21. Bg3 Ke7 22. Rd2 Bf5 23. h4 Bg6 24. Kd1 Bh5+ 25. Ke1 Bf3 26. Na4
Rb8 27. Rd3 c5 28. b3 c4 29. bxc4 Rb1+ 30. Kd2 Rd1+ 31. Kc3 Be2 32. Rxd1 Bxd1
33. Kd2 Bf3 34. Nb2 Ke6 35. Nd3 c5 36. Ne1 Bb7 37. Nd3 Bf3 38. Ne1 Bb7 39. Nd3
1/2-1/2

[Event "Bayerische EM 2023 - Allgemeine Gruppe"]
[Site "Rosenheim"]
[Date "2023.08.21"]
[Round "2.13"]
[White "Miller, Eduard"]
[Black "Fuchs, Michael"]
[Result "1-0"]
[WhiteElo "2324"]
[BlackElo "1988"]
[PlyCount "77"]
[EventDate "2022.??.??"]
[WhiteTeam "SC Erlangen 48/88"]
[BlackTeam "DJK SF Haselbach"]

1. d4 Nf6 2. Bf4 e6 3. e3 c5 4. Nf3 cxd4 5. exd4 b6 6. c3 Be7 7. Bd3 Bb7 8. O-O
O-O 9. Re1 d6 10. a4 Re8 11. h3 h6 12. Nbd2 Bf8 13. Bb1 Nc6 14. Ne4 Nxe4 15.
Bxe4 Qf6 16. Bg3 Na5 17. Bh4 g5 18. Bg3 Bxe4 19. Rxe4 Qg6 20. Re2 Rad8 21. b4
Nb7 22. a5 bxa5 23. bxa5 Rc8 24. Qa4 d5 25. Ne5 Qf5 26. Re3 Nd6 27. Rf3 Qh7 28.
Re1 Nf5 29. Ng4 Qg6 30. Qd7 Red8 31. Qxa7 h5 32. Ne5 Qg7 33. Nd7 f6 34. Rxe6
Rxd7 35. Qa6 Nxd4 36. cxd4 Rc1+ 37. Kh2 h4 38. Rexf6 hxg3+ 39. fxg3 1-0

[Event "Bayerische EM 2023 - Allgemeine Gruppe"]
[Site "Rosenheim"]
[Date "2023.08.21"]
[Round "2.14"]
[White "Niedermeier, Thomas"]
[Black "Lang, Zalan Andreas"]
[Result "1/2-1/2"]
[WhiteElo "2223"]
[BlackElo "2221"]
[PlyCount "101"]
[EventDate "2022.??.??"]
[WhiteTeam "SV Ilmmünster"]
[BlackTeam "SAbt TSV Haunstetten"]

1. e4 c6 2. d4 d5 3. exd5 cxd5 4. Bd3 Nc6 5. c3 Nf6 6. Bf4 g6 7. Nf3 Bg7 8. O-O
O-O 9. Re1 Bf5 10. Bf1 h6 11. h3 Rc8 12. Nbd2 g5 13. Bh2 e6 14. h4 Ng4 15. Bg3
Bf6 16. Ne5 Ngxe5 17. hxg5 hxg5 18. dxe5 Be7 19. Nf3 Kg7 20. Bd3 Bxd3 21. Qxd3
Rh8 22. Nh2 Qb6 23. Qe2 Rh7 24. Qg4 Rch8 25. b3 Kf8 26. Rad1 Bc5 27. Qxg5 Rg8
28. Qf4 Rhg7 29. Kh1 a5 30. Rd3 Ne7 31. b4 axb4 32. cxb4 Qxb4 33. Qxb4 Bxb4 34.
Rb1 Bc5 35. Rxb7 Nf5 36. Rc3 Rxg3 37. Rxc5 Rd3 38. Rc8+ Kg7 39. Rxg8+ Kxg8 40.
Nf3 Rd1+ 41. Kh2 Rf1 42. Rb2 Ne7 43. g4 Ng6 44. Kg3 Rc1 45. Re2 Kg7 46. Ne1
Rc3+ 47. Re3 Rxe3+ 48. fxe3 Nxe5 49. a4 Nc4 50. Kf3 Kf6 51. Nc2 1/2-1/2

[Event "Bayerische EM 2023 - Allgemeine Gruppe"]
[Site "Rosenheim"]
[Date "2023.08.21"]
[Round "2.15"]
[White "Albert, Markus"]
[Black "Luhn, Robert"]
[Result "1/2-1/2"]
[WhiteElo "2256"]
[BlackElo "1977"]
[PlyCount "120"]
[EventDate "2022.??.??"]
[WhiteTeam "SC Ansbach 1855 e.V."]
[BlackTeam "SK Caissa Augsburg"]

1. Nc3 d5 2. e4 dxe4 3. Nxe4 g6 4. Bc4 Bg7 5. Nf3 Nf6 6. Qe2 O-O 7. d3 Nc6 8.
h3 b6 9. c3 Bb7 10. Bb3 a5 11. a4 Ba6 12. Bc4 Bxc4 13. dxc4 Qd7 14. O-O Rad8
15. Bf4 Nh5 16. Bh2 e5 17. g4 Nf4 18. Bxf4 exf4 19. Rad1 Qe6 20. Rxd8 Rxd8 21.
Re1 h5 22. Nfg5 Qe7 23. c5 Ne5 24. Nf3 hxg4 25. hxg4 Nxg4 26. Kg2 Ne3+ 27. fxe3
Qxe4 28. exf4 Qxf4 29. cxb6 cxb6 30. Qb5 Qd6 31. Re2 Bf6 32. Rd2 Qc7 33. Rf2
Kg7 34. Nh2 Qb7+ 35. Nf3 Rd5 36. Qc4 Rg5+ 37. Kf1 Rf5 38. Ke2 Qe7+ 39. Kf1 Qe3
40. Qe2 Qh6 41. Kg2 Qh5 42. Qe4 Qh6 43. Kg3 Qh5 44. Re2 Qh8 45. Qc6 Qb8+ 46.
Kg2 Qf4 47. Qe4 g5 48. Nh2 Qxe4+ 49. Rxe4 Rd5 50. Nf3 Kg6 51. Rc4 Kf5 52. Kf1
g4 53. Nh2 Rd1+ 54. Ke2 g3 55. Nf1 g2 56. Ne3+ Ke5 57. Nxg2 Rb1 58. b4 Rb2+ 59.
Kf3 Bg5 60. bxa5 Kd5 1/2-1/2

[Event "Bayerische EM 2023 - Allgemeine Gruppe"]
[Site "Rosenheim"]
[Date "2023.08.21"]
[Round "2.16"]
[White "Böhme, Sebastian"]
[Black "Huber, Benedikt"]
[Result "1-0"]
[WhiteElo "2215"]
[BlackElo "1971"]
[PlyCount "67"]
[EventDate "2022.??.??"]
[WhiteTeam "SC Uttenreuth e.V."]
[BlackTeam "SK Kelheim 1920"]

1. e4 c6 2. Nf3 d5 3. d3 g6 4. e5 c5 5. c3 Nc6 6. d4 Bg4 7. Bb5 e6 8. Bxc6+
bxc6 9. Nbd2 Ne7 10. dxc5 Bg7 11. h3 Bxf3 12. Nxf3 O-O 13. O-O Qc7 14. Re1 h6
15. a4 g5 16. Qd4 Ng6 17. b4 Rac8 18. b5 f6 19. exf6 Bxf6 20. Qd3 Qf7 21. Rb1
e5 22. Qc2 cxb5 23. axb5 Nf4 24. Bxf4 gxf4 25. Qf5 Kh8 26. Kh1 Rg8 27. b6 e4
28. Nh2 Rg5 29. Qxf4 Qg7 30. Ng4 Bxc3 31. b7 Bxe1 32. b8=Q Rxb8 33. Rxb8+ Kh7
34. Nf6+ 1-0

[Event "Bayerische EM 2023 - Allgemeine Gruppe"]
[Site "Rosenheim"]
[Date "2023.08.21"]
[Round "2.17"]
[White "Steinhauer, Artur"]
[Black "Schatz, Christian"]
[Result "0-1"]
[WhiteElo "1953"]
[BlackElo "2153"]
[PlyCount "108"]
[EventDate "2022.??.??"]
[WhiteTeam "SC Bavaria Regensburg von 1881 e"]
[BlackTeam "SC Postbauer-Heng e.V"]

1. e4 c5 2. Nf3 Nc6 3. Bb5 g6 4. O-O Bg7 5. c3 Nf6 6. Re1 O-O 7. d4 cxd4 8.
cxd4 d5 9. e5 Ne4 10. Nc3 Nxc3 11. bxc3 Qa5 12. Qb3 Bg4 13. Ba3 Rfe8 14. Rab1
Bxf3 15. gxf3 e6 16. Rec1 Bh6 17. Rc2 Rec8 18. Qa4 Qd8 19. Bf1 Qh4 20. Rxb7
Nxe5 21. Bg2 Nd3 22. Qd7 Qf6 23. Be7 Qf5 24. Bh4 Ne1 25. Rcb2 a5 26. Rc7 Rf8
27. Be7 Bf4 28. Bxf8 Rxf8 29. Rc8 Qg5 30. Rxf8+ Kxf8 31. Kf1 Qxg2+ 32. Kxe1
Qxf3 33. Rb7 Qxc3+ 34. Kf1 Qd3+ 35. Kg2 Qe4+ 36. Kg1 Qf5 37. Qd8+ Kg7 38. Qxa5
Qh3 39. Qe1 Bxh2+ 40. Kh1 Be5+ 41. Kg1 Bxd4 42. a4 g5 43. Qd2 Qg4+ 44. Kf1 h5
45. Rb4 e5 46. Rxd4 exd4 47. Qe2 Qxe2+ 48. Kxe2 h4 49. a5 h3 50. a6 h2 51. a7
h1=Q 52. a8=Q Qe4+ 53. Kf1 d3 54. Qd8 Qh1# 0-1

[Event "Bayerische EM 2023 - Allgemeine Gruppe"]
[Site "Rosenheim"]
[Date "2023.08.21"]
[Round "2.18"]
[White "Kocak, Ediz"]
[Black "Paar, Johannes"]
[Result "1-0"]
[WhiteElo "2134"]
[BlackElo "1953"]
[PlyCount "63"]
[EventDate "2022.??.??"]
[WhiteTeam "SGem 1882 Fürth"]
[BlackTeam "SK Schwandorf"]

1. e4 c5 2. Nf3 e6 3. d4 cxd4 4. Nxd4 Nc6 5. Nc3 Qc7 6. Be3 a6 7. Qf3 Nf6 8.
O-O-O Ne5 9. Qg3 b5 10. Bxb5 Nh5 11. Qh3 axb5 12. Ndxb5 Qb8 13. Qxh5 Ba6 14.
Bd4 Nc6 15. Bc5 Bxb5 16. Bxf8 Kxf8 17. Qc5+ Ke8 18. Nxb5 Rxa2 19. Nd6+ Kf8 20.
Nc4+ Ke8 21. Kb1 Ra8 22. Nd6+ Kf8 23. Nb5+ Ke8 24. Rd6 Ra5 25. c4 Qa8 26. Kc1
e5 27. Rhd1 Nd4 28. R1xd4 exd4 29. Qe5+ Kd8 30. Rxd7+ Kxd7 31. Qd6+ Ke8 32.
Nc7# 1-0

[Event "Bayerische EM 2023 - Allgemeine Gruppe"]
[Site "Rosenheim"]
[Date "2023.08.21"]
[Round "2.19"]
[White "Ziemann, Ulrich"]
[Black "Arnhold, Steffi"]
[Result "0-1"]
[WhiteElo "1921"]
[BlackElo "2110"]
[PlyCount "70"]
[EventDate "2022.??.??"]
[WhiteTeam "SC Bad Kötzting e.V."]
[BlackTeam "SC Bavaria Regensburg von 1881 e"]

1. e4 c5 2. Nc3 d6 3. d4 cxd4 4. Qxd4 a6 5. b3 Nc6 6. Qd2 Nf6 7. Bb2 e6 8.
O-O-O Be7 9. f3 O-O 10. Kb1 b5 11. g4 Bb7 12. h4 Rc8 13. Be2 Nb4 14. g5 Ne8 15.
Nxb5 Nxc2 16. Nd4 Nxd4 17. Qxd4 d5 18. Qa4 Qb6 19. exd5 exd5 20. f4 Bc5 21. f5
d4 22. Bf3 Nd6 23. Bxd4 Nxf5 24. Bxb7 Nxd4 25. Qxa6 Qc7 26. Bxc8 Rxc8 27. Ne2
Nxe2 28. Qxe2 Ba3 29. Qd3 g6 30. Rhe1 Qh2 31. Qe2 Qf4 32. Qa6 Qf5+ 33. Qd3 Rc1+
34. Rxc1 Qxd3+ 35. Rc2 Kg7 0-1

[Event "Bayerische EM 2023 - Allgemeine Gruppe"]
[Site "Rosenheim"]
[Date "2023.08.21"]
[Round "2.20"]
[White "Bratu, Mircea"]
[Black "Kaiser, Richard"]
[Result "0-1"]
[WhiteElo "1891"]
[BlackElo "2053"]
[PlyCount "74"]
[EventDate "2022.??.??"]
[WhiteTeam "SG Schwabing München Nord e.V."]
[BlackTeam "SK Passau 1869"]

1. d4 Nf6 2. c4 d6 3. Nc3 c6 4. e4 Qa5 5. Bd3 e5 6. d5 Na6 7. Nge2 Nc5 8. O-O
Nxd3 9. Qxd3 Be7 10. Rb1 cxd5 11. exd5 Qd8 12. b4 O-O 13. Ng3 Ne8 14. f4 exf4
15. Bxf4 f5 16. Nb5 g5 17. Bd2 f4 18. Ne4 Bf5 19. Nd4 Ng7 20. Nxf5 Nxf5 21. c5
Rc8 22. Rbc1 Rf7 23. Kh1 Qf8 24. c6 b6 25. Bc3 Qh6 26. Bb2 Bf8 27. Qf3 Bg7 28.
Bxg7 Qxg7 29. Rfe1 Qg6 30. Qg4 h6 31. h4 Rfc7 32. h5 Qg7 33. Kh2 Qb2 34. Rb1
Qd4 35. Rbd1 Qe5 36. Re2 Ne3 37. Qf3 g4 0-1

[Event "Bayerische EM 2023 - Allgemeine Gruppe"]
[Site "Rosenheim"]
[Date "2023.08.21"]
[Round "2.21"]
[White "Krämer, Max"]
[Black "Stichter, Constantin Paul"]
[Result "1/2-1/2"]
[WhiteElo "2044"]
[BlackElo "1921"]
[PlyCount "89"]
[EventDate "2022.??.??"]
[WhiteTeam "SK Caissa Augsburg"]
[BlackTeam "SG Traunstein/Traunreut e.V."]

1. e4 e6 2. d3 d5 3. Nd2 Ne7 4. g3 g6 5. Bg2 Bg7 6. Ngf3 c5 7. O-O Nbc6 8. Re1
O-O 9. c3 Qc7 10. Qe2 b6 11. Nf1 dxe4 12. dxe4 Bb7 13. Be3 Rad8 14. Rad1 a5 15.
a4 Ba6 16. Qc2 h6 17. h4 Kh7 18. N1h2 Ne5 19. Nxe5 Bxe5 20. Ng4 Bg7 21. h5 e5
22. hxg6+ fxg6 23. Bc1 Rd7 24. Bf1 Bxf1 25. Rxf1 Rfd8 26. Kg2 Qc6 27. f3 h5 28.
Nf2 Rxd1 29. Rxd1 Rxd1 30. Qxd1 Nc8 31. Nh3 Bf6 32. Qd2 Kg8 33. c4 Qd6 34. Nf2
Qxd2 35. Bxd2 Nd6 36. b3 Nc8 37. Nd3 Kf7 38. Bc3 Ke6 39. f4 exf4 40. Nxf4+ Kf7
41. e5 Bg5 42. Nd5 Ke6 43. Kf3 Kf5 44. Nc7 Bd8 45. Nd5 1/2-1/2

[Event "Bayerische EM 2023 - Allgemeine Gruppe"]
[Site "Rosenheim"]
[Date "2023.08.21"]
[Round "2.22"]
[White "Sesselmann, Moritz"]
[Black "Kamenskyi, Dmytro"]
[Result "0-1"]
[WhiteElo "1697"]
[BlackElo "2030"]
[PlyCount "68"]
[EventDate "2022.??.??"]
[WhiteTeam "SK 1907 Kulmbach"]
[BlackTeam "SK Kriegshaber"]

1. e4 e6 2. d3 c5 3. Nf3 Nc6 4. Nbd2 g6 5. g3 Bg7 6. Bg2 Nge7 7. O-O O-O 8. Re1
d6 9. h4 e5 10. Nf1 h6 11. c3 Be6 12. N3h2 f5 13. exf5 Nxf5 14. Ne3 Qd7 15.
Nxf5 Bxf5 16. Be3 Rae8 17. Qd2 Kh7 18. Rac1 b6 19. Be4 d5 20. Bxf5 gxf5 21. f4
d4 22. cxd4 cxd4 23. Bf2 e4 24. dxe4 fxe4 25. Kg2 Qd5 26. Qc2 Nb4 27. Qc4 Qxc4
28. Rxc4 Nd3 29. Rb1 Rc8 30. b3 b5 31. Rxc8 Rxc8 32. Kf1 Rc7 33. Bg1 e3 34. Nf3
e2+ 0-1

[Event "Bayerische EM 2023 - Allgemeine Gruppe"]
[Site "Rosenheim"]
[Date "2023.08.21"]
[Round "2.23"]
[White "Sesselmann, Christoph"]
[Black "Dietlmeier, Tobias"]
[Result "1-0"]
[WhiteElo "2020"]
[BlackElo "1885"]
[PlyCount "67"]
[EventDate "2022.??.??"]
[WhiteTeam "SK 1907 Kulmbach"]
[BlackTeam "TV Tegernsee"]

1. e4 c5 2. Ne2 Nc6 3. g3 d5 4. Bg2 e6 5. O-O Nge7 6. d3 g6 7. Bg5 Bg7 8. exd5
exd5 9. Nbc3 h6 10. Bxe7 Nxe7 11. d4 Bg4 12. h3 Bxe2 13. Qxe2 O-O 14. dxc5 Bxc3
15. bxc3 Rc8 16. Rab1 Qd7 17. c4 Rxc5 18. Rfe1 Rc7 19. Rbd1 d4 20. c3 d3 21.
Rxd3 Qa4 22. Bd5 b5 23. Qe5 Qa5 24. Qf6 Nxd5 25. cxd5 Qxa2 26. d6 Rd7 27. Rd4
Qa6 28. Re7 Qc6 29. Rxd7 Qxd7 30. Re4 Qf5 31. Qe7 Qd5 32. d7 f5 33. Qxf8+ Kxf8
34. Re8+ 1-0

[Event "Bayerische EM 2023 - Allgemeine Gruppe"]
[Site "Rosenheim"]
[Date "2023.08.21"]
[Round "2.24"]
[White "Brunner, Tobias"]
[Black "Mazatis, Benjamin"]
[Result "1/2-1/2"]
[WhiteElo "1999"]
[BlackElo "1731"]
[PlyCount "128"]
[EventDate "2022.??.??"]
[WhiteTeam "SC Windischeschenbach"]
[BlackTeam "SK Bruckmühl e.V."]

1. e4 e5 2. Nf3 Nc6 3. Bc4 Nf6 4. d3 Bc5 5. O-O d6 6. c3 a5 7. Bg5 h6 8. Bh4
Ba7 9. Nbd2 g5 10. Bg3 O-O 11. Re1 Nh7 12. Nf1 h5 13. h3 g4 14. Bh4 Ne7 15.
N3h2 Qe8 16. hxg4 Ng6 17. g5 b5 18. Qxh5 bxc4 19. Ne3 Nf4 20. Qh6 Qe6 21. Nhg4
Qxh6 22. Nxh6+ Kg7 23. dxc4 Kg6 24. Nhf5 Re8 25. Rad1 Nxg5 26. Bxg5 Kxg5 27. g3
Ne6 28. Kg2 Bb7 29. Nd5 Bxd5 30. Rxd5 Bc5 31. f4+ Kg6 32. Kf3 f6 33. Rd2 Rh8
34. Rb1 Rh7 35. Rg2 Kf7 36. b4 axb4 37. cxb4 Ra3+ 38. Kg4 Be3 39. fxe5 fxe5 40.
Rb3 Rxb3 41. axb3 Bb6 42. Ra2 Rh8 43. Ra6 Rg8+ 44. Kh4 Rh8+ 45. Kg4 Rg8+ 46.
Kh4 Rb8 47. Ra1 Bd4 48. Rf1 Rh8+ 49. Kg4 Ke8 50. Rc1 Rh2 51. c5 Kd7 52. c6+ Ke8
53. Nxd6+ cxd6 54. c7 Nxc7 55. Rxc7 Kd8 56. Rb7 Rb2 57. Kf5 Rxb3 58. g4 Kc8 59.
Rh7 Rf3+ 60. Ke6 Rg3 61. Rg7 Bc3 62. b5 Bb4 63. g5 Bd2 64. Kxd6 Rxg5 1/2-1/2